Name The Top 10 NBA Players OAT - Statistics

General Stats
  • This quiz has been taken 25 times
  • The average score is 9 of 10
Answer Stats
Hint Answer % Correct
2 Lebron James
100%
1 Michael Jordan
100%
3 Kareem Abdul-Jabbar
95%
8 Larry Bird
95%
4 Magic Johnson
95%
5 Kobe Bryant
90%
6 Shaquille Oneal
90%
7 Wilt Chamberlain
90%
9 Tim Duncan
81%
10 Stephen Curry
67%
No matching quizzes found
Score Distribution
Percent of People with Each Score
Percentile by Number Answered
Your Score History
You have not taken this quiz